| 000 | 00379nam a22001337a 4500 | ||
|---|---|---|---|
| 003 | SGT | ||
| 082 | _a341,NAT | ||
| 100 | _aNATIONAL HUMAN RIGHTS COMMISSION | ||
| 245 | _aUNDP- OHCHR TOOLKIT FOR COLLABORATION WITH NATIONAL HUMAN RIGHTS INSTITUTIONS | ||
| 260 |
_aNEW DELHI _bNATIONAL HUMAN RIGHTS COMMISSION _c2010 |
||
| 300 | _a272 | ||
| 650 | _aHUMAN RIGHTS | ||
| 942 |
_2ddc _cBK |
||
| 999 |
_c10174 _d10174 |
||